Highest WAR per team - Statistics

General Stats
  • This quiz has been taken 5 times
  • The average score is 23 of 30
Answer Stats
Team WAR Answer % Correct
Yankees 182.6 Babe Ruth
100%
Orioles 95.9 Cal Ripken Jr.
100%
Royals 88.6 George Brett
100%
Braves 142.5 Hank Aaron
100%
Astros 79.9 Jeff Bagwell
100%
Mariners 70.6 Ken Griffey Jr.
100%
Phillies 106.8 Mike Schmidt
100%
Angels 88.5 Mike Trout
100%
Cardinals 128.3 Stan Musial
100%
Rockies 61.8 Todd Helton
100%
Padres 69.2 Tony Gwynn
100%
Giants 154.6 Willie Mays
100%
Tigers 92.8 Al Kaline
80%
Red Sox 96.5 Carl Yastrzemski
80%
Blue Jays 56.8 Dave Stieb
80%
Marlins 26.7 Hanley Ramirez
80%
Diamondbacks 50.9 Randy Johnson
80%
Pirates 94.8 Roberto Clemente
80%
Brewers 77.3 Robin Yount
80%
Cubs 68.1 Ryne Sandberg
80%
Mets 76.0 Tom Seaver
80%
Twins 168.4 Walter Johnson
80%
Rays 51.4 Evan Longoria
60%
Natioanls/Expos 55.8 Gary Carter
60%
Rangers 68.7 Ivan Rodriguez
60%
Reds 79.7 Pete Rose
60%
Gaurdians 93.5 Nap Lajoie
40%
Dodgers 68.2 Pee Wee Reese
40%
White Sox 77.4 Luke Appling
20%
Athletics 77.6 Eddie Plank
0%
No matching quizzes found
Score Distribution
Percent of People with Each Score
Percentile by Number Answered
Your Score History
You have not taken this quiz